000 00392pab a2200157 454500
008 180718b1995 xxu||||| |||| 00| 0 eng d
100 _aWilkinson, Steven I.
245 _aU.P.'s `riot-prone' towns
260 _c1995
300 _ap.27-33
362 _aAug
650 _aViolence - India - Uttar Pradesh
650 _aRiots - India - Uttar Pradesh
773 _aSeminar
909 _a29176
999 _c29176
_d29176